<?xml version="1.0" encoding="UTF-8"?>
<record
    xmlns:xsi="http://www.w3.org/2001/XMLSchema-instance"
    xsi:schemaLocation="http://www.loc.gov/MARC21/slim http://www.loc.gov/standards/marcxml/schema/MARC21slim.xsd"
    xmlns="http://www.loc.gov/MARC21/slim">

  <leader>01737nam2a22002651  4500</leader>
  <controlfield tag="001">rc\3559925</controlfield>
  <controlfield tag="005">20250610041846.0</controlfield>
  <datafield tag="035" ind1=" " ind2=" ">
    <subfield code="a">(NLR Aleph) 007685046</subfield>
  </datafield>
  <datafield tag="090" ind1=" " ind2=" ">
    <subfield code="a">6579969</subfield>
    <subfield code="c">6579969</subfield>
  </datafield>
  <datafield tag="100" ind1=" " ind2=" ">
    <subfield code="a">20130115d1976    |||y0rusy50      ca</subfield>
  </datafield>
  <datafield tag="101" ind1="0" ind2=" ">
    <subfield code="a">rus</subfield>
  </datafield>
  <datafield tag="102" ind1=" " ind2=" ">
    <subfield code="a">RU</subfield>
  </datafield>
  <datafield tag="105" ind1=" " ind2=" ">
    <subfield code="a">a   c   |||||</subfield>
  </datafield>
  <datafield tag="200" ind1="1" ind2=" ">
    <subfield code="a">[&#x423;&#x43A;&#x430;&#x437;&#x430;&#x43D;&#x438;&#x44F; &#x43E; &#x43C;&#x435;&#x440;&#x430;&#x445; &#x43F;&#x43E; &#x43E;&#x431;&#x435;&#x441;&#x43F;&#x435;&#x447;&#x435;&#x43D;&#x438;&#x44E; &#x43F;&#x430;&#x442;&#x435;&#x43D;&#x442;&#x43E;&#x441;&#x43F;&#x43E;&#x441;&#x43E;&#x431;&#x43D;&#x43E;&#x441;&#x442;&#x438; &#x438; &#x43F;&#x430;&#x442;&#x435;&#x43D;&#x442;&#x43D;&#x43E;&#x439; &#x447;&#x438;&#x441;&#x442;&#x43E;&#x442;&#x44B; &#x43C;&#x430;&#x448;&#x438;&#x43D;, &#x43F;&#x440;&#x438;&#x431;&#x43E;&#x440;&#x43E;&#x432;, &#x43E;&#x431;&#x43E;&#x440;&#x443;&#x434;&#x43E;&#x432;&#x430;&#x43D;&#x438;&#x44F;, &#x43C;&#x430;&#x442;&#x435;&#x440;&#x438;&#x430;&#x43B;&#x43E;&#x432; &#x438; &#x442;&#x435;&#x445;&#x43D;&#x43E;&#x43B;&#x43E;&#x433;&#x438;&#x447;&#x435;&#x441;&#x43A;&#x438;&#x445; &#x43F;&#x440;&#x43E;&#x446;&#x435;&#x441;&#x441;&#x43E;&#x432; (&#x417;&#x41F;-1-70)</subfield>
    <subfield code="a">&#x418;&#x43D;&#x441;&#x442;&#x440;&#x443;&#x43A;&#x446;&#x438;&#x44F; &#x43F;&#x43E; &#x44D;&#x43A;&#x441;&#x43F;&#x435;&#x440;&#x442;&#x438;&#x437;&#x435; &#x43E;&#x431;&#x44A;&#x435;&#x43A;&#x442;&#x43E;&#x432; &#x442;&#x435;&#x445;&#x43D;&#x438;&#x43A;&#x438; &#x43D;&#x430; &#x43F;&#x430;&#x442;&#x435;&#x43D;&#x442;&#x43D;&#x443;&#x44E; &#x447;&#x438;&#x441;&#x442;&#x43E;&#x442;&#x443;]</subfield>
  </datafield>
  <datafield tag="210" ind1=" " ind2=" ">
    <subfield code="d">[1976]</subfield>
    <subfield code="a">&#x411;. &#x43C;.</subfield>
  </datafield>
  <datafield tag="215" ind1=" " ind2=" ">
    <subfield code="a">221 &#x441;.</subfield>
    <subfield code="c">&#x438;&#x43B;.</subfield>
  </datafield>
  <datafield tag="300" ind1=" " ind2=" ">
    <subfield code="a">&#x41E;&#x43F;&#x438;&#x441;&#x430;&#x43D;&#x43E; &#x43F;&#x43E; &#x43E;&#x431;&#x43B;.</subfield>
  </datafield>
  <datafield tag="300" ind1=" " ind2=" ">
    <subfield code="a">&#x41D;&#x430; &#x442;&#x438;&#x442;. &#x43B;. &#x437;&#x430;&#x433;&#x43B;. &#x43F;&#x435;&#x440;&#x432;&#x43E;&#x433;&#x43E; &#x43F;&#x440;&#x43E;&#x438;&#x437;&#x432;&#x435;&#x434;&#x435;&#x43D;&#x438;&#x44F;</subfield>
  </datafield>
  <datafield tag="461" ind1=" " ind2="0">
    <subfield code="1">001rc\3559923</subfield>
    <subfield code="1">2001#$a&#x41D;&#x43E;&#x440;&#x43C;&#x430;&#x442;&#x438;&#x432;&#x43D;&#x43E;-&#x438;&#x43D;&#x441;&#x442;&#x440;&#x443;&#x43A;&#x442;&#x438;&#x432;&#x43D;&#x44B;&#x435; &#x434;&#x43E;&#x43A;&#x443;&#x43C;&#x435;&#x43D;&#x442;&#x44B; &#x43F;&#x43E; &#x432;&#x43E;&#x43F;&#x440;&#x43E;&#x441;&#x430;&#x43C; &#x43F;&#x430;&#x442;&#x435;&#x43D;&#x442;&#x43E;&#x432;&#x430;&#x43D;&#x438;&#x44F; &#x438; &#x43F;&#x440;&#x43E;&#x434;&#x430;&#x436;&#x438; &#x43B;&#x438;&#x446;&#x435;&#x43D;&#x437;&#x438;&#x439;$e[&#x412; 2 &#x447;.]$e&#x427;. 1-2$v&#x427;. 2</subfield>
    <subfield code="9">6579950</subfield>
    <subfield code="c">&#x41C;&#x43E;&#x441;&#x43A;&#x432;&#x430;</subfield>
    <subfield code="d">[1976]</subfield>
    <subfield code="n">&#x411;. &#x438;.</subfield>
    <subfield code="o">[&#x412; 2 &#x447;.] : &#x427;. 1-2</subfield>
    <subfield code="t">&#x41D;&#x43E;&#x440;&#x43C;&#x430;&#x442;&#x438;&#x432;&#x43D;&#x43E;-&#x438;&#x43D;&#x441;&#x442;&#x440;&#x443;&#x43A;&#x442;&#x438;&#x432;&#x43D;&#x44B;&#x435; &#x434;&#x43E;&#x43A;&#x443;&#x43C;&#x435;&#x43D;&#x442;&#x44B; &#x43F;&#x43E; &#x432;&#x43E;&#x43F;&#x440;&#x43E;&#x441;&#x430;&#x43C; &#x43F;&#x430;&#x442;&#x435;&#x43D;&#x442;&#x43E;&#x432;&#x430;&#x43D;&#x438;&#x44F; &#x438; &#x43F;&#x440;&#x43E;&#x434;&#x430;&#x436;&#x438; &#x43B;&#x438;&#x446;&#x435;&#x43D;&#x437;&#x438;&#x439;</subfield>
    <subfield code="v">&#x427;. 2</subfield>
  </datafield>
  <datafield tag="532" ind1="1" ind2="3">
    <subfield code="a">&#x423;&#x43A;&#x430;&#x437;&#x430;&#x43D;&#x438;&#x44F; &#x43E; &#x43C;&#x435;&#x440;&#x430;&#x445; &#x43F;&#x43E; &#x43E;&#x431;&#x435;&#x441;&#x43F;&#x435;&#x447;&#x435;&#x43D;&#x438;&#x44E; &#x43F;&#x430;&#x442;&#x435;&#x43D;&#x442;&#x43E;&#x441;&#x43F;&#x43E;&#x441;&#x43E;&#x431;&#x43D;&#x43E;&#x441;&#x442;&#x438; &#x438; &#x43F;&#x430;&#x442;&#x435;&#x43D;&#x442;&#x43D;&#x43E;&#x439; &#x447;&#x438;&#x441;&#x442;&#x43E;&#x442;&#x44B; &#x43C;&#x430;&#x448;&#x438;&#x43D;, &#x43F;&#x440;&#x438;&#x431;&#x43E;&#x440;&#x43E;&#x432;, &#x43E;&#x431;&#x43E;&#x440;&#x443;&#x434;&#x43E;&#x432;&#x430;&#x43D;&#x438;&#x44F;, &#x43C;&#x430;&#x442;&#x435;&#x440;&#x438;&#x430;&#x43B;&#x43E;&#x432; &#x438; &#x442;&#x435;&#x445;&#x43D;&#x43E;&#x43B;&#x43E;&#x433;&#x438;&#x447;&#x435;&#x441;&#x43A;&#x438;&#x445; &#x43F;&#x440;&#x43E;&#x446;&#x435;&#x441;&#x441;&#x43E;&#x432; (&#x417;&#x41F;-1-70)</subfield>
  </datafield>
  <datafield tag="801" ind1=" " ind2="0">
    <subfield code="a">RU</subfield>
    <subfield code="b">NLR</subfield>
    <subfield code="g">psbo</subfield>
  </datafield>
  <datafield tag="801" ind1=" " ind2="1">
    <subfield code="a">RU</subfield>
    <subfield code="b">ELAR</subfield>
    <subfield code="2">rusmarc</subfield>
  </datafield>
  <datafield tag="852" ind1=" " ind2=" ">
    <subfield code="a">NLR</subfield>
    <subfield code="j">76-4/29791</subfield>
  </datafield>
  <datafield tag="942" ind1=" " ind2=" ">
    <subfield code="c">BOOK</subfield>
  </datafield>
  <datafield tag="980" ind1=" " ind2=" ">
    <subfield code="a">NB</subfield>
  </datafield>
  <datafield tag="995" ind1=" " ind2=" ">
    <subfield code="5">2013-10-26</subfield>
    <subfield code="b">NLR01</subfield>
    <subfield code="c">NLR01</subfield>
    <subfield code="e">RF91</subfield>
    <subfield code="f">7685046-10</subfield>
    <subfield code="k">76-4/29791</subfield>
    <subfield code="o">0</subfield>
    <subfield code="r">BOOK</subfield>
    <subfield code="s">76429791_</subfield>
  </datafield>
</record>
